Appellation petite région - Statistiques

Statistiques générales
  • Ce quiz a été pris 51 fois
  • Le résultat moyen est 12 sur 25
Statistiques - réponses
Couleur Appellation % Correct
R,R,B Beaujolais
77%
R,R,B Beaujolais Villages
77%
R Saint-Amour
77%
R Chénas
69%
R Fleurie
69%
R Juliénas
69%
R Morgon
69%
R Moulin à Vent
69%
R Brouilly
62%
R,R,B,E Bugey
62%
R Régnié
62%
R Chiroubles
54%
R Côte de Brouilly
46%
R,G,B Côtes d’Auvergne
46%
R,R Côtes du Forez
38%
R,R,B Moselle
38%
R,R,B Saint-Pourçain
38%
E Bugey Cerdon
31%
R,R Côte Roannaise
31%
B Roussette du Bugey
31%
R,B Bugey Manicle
23%
R,B,E Bugey Montagnieu
15%
B Roussette du Bugey Montagnieu
15%
B Roussette du Bugey Virieu-le-Grand
15%
R,G,B Côtes de Toul et Gris de Toul
8%
Aucun quiz correspondant
Distribution des résultats
% des personnes avec chaque résultat
Percentile par nombre de réponses
Votre historique - résultats
Vous n’avez pas pris ce quiz